LEADER 00943nam a22002411i 4500 001 991002918059707536 005 20030818070133.0 008 030925s1884 it |||||||||||||||||ita 035 $ab12354892-39ule_inst 035 $aARCHE-040243$9ExL 040 $aBiblioteca Interfacoltà$bita$cA.t.i. Arché s.c.r.l. Pandora Sicilia s.r.l. 082 04$a792.2309 100 1 $aScherillo, Michele$07893 245 13$aLa commedia dell'arte in Italia :$bstudi e profili /$cdel dott. Michele Scherillo 260 $aTorino :$bLoescher,$c1884 300 $aXI, 162 p. ;$c21 cm 650 4$aCommedia dell'arte$xItalia 907 $a.b12354892$b02-04-14$c08-10-03 912 $a991002918059707536 945 $aLE002 It. VIII H 11 (Fondo Sanesi)$g1$i2002000166890$lle002$o-$pE0.00$q-$rn$so $t0$u0$v0$w0$x0$y.i12759120$z08-10-03 996 $aCommedia dell'arte in Italia$9158288 997 $aUNISALENTO 998 $ale002$b08-10-03$cm$da $e-$fita$git $h3$i1 LEADER 01855oam 2200553M 450 001 9910716171903321 005 20200213070912.5 035 $a(CKB)5470000002518394 035 $a(OCoLC)1065601827 035 $a(OCoLC)995470000002518394 035 $a(EXLCZ)995470000002518394 100 $a20071213d1926 ua 0 101 0 $aeng 135 $aurcn||||||||| 181 $ctxt$2rdacontent 182 $cc$2rdamedia 183 $acr$2rdacarrier 200 10$aGrazing on public lands in Alaska. April 19 (calendar day, April 28), 1926. -- Ordered to be printed 210 1$a[Washington, D.C.] :$c[U.S. Government Printing Office],$d1926. 215 $a1 online resource (6 pages) 225 1 $aSenate report / 69th Congress, 1st session. Senate ;$vno. 681 225 1 $a[United States congressional serial set ] ;$v[serial no. 8525] 300 $aBatch processed record: Metadata reviewed, not verified. Some fields updated by batch processes. 300 $aFDLP item number not assigned. 517 $aGrazing on public lands in Alaska. April 19 606 $aConcessions 606 $aGrazing 606 $aLegislative amendments 606 $aLivestock 606 $aPublic lands 606 $aReindeer 608 $aLegislative materials.$2lcgft 615 0$aConcessions. 615 0$aGrazing. 615 0$aLegislative amendments. 615 0$aLivestock. 615 0$aPublic lands. 615 0$aReindeer. 701 $aStanfield$b Robert Nelson$f1877-1945$pRepublican (OR)$01386179 801 0$bWYU 801 1$bWYU 801 2$bOCLCO 801 2$bOCLCQ 801 2$bOCLCO 801 2$bOCLCQ 906 $aBOOK 912 $a9910716171903321 996 $aGrazing on public lands in Alaska. April 19 (calendar day, April 28), 1926. -- Ordered to be printed$93489774 997 $aUNINA LEADER 03273nam 22007092 450 001 9910816293903321 005 20151005020621.0 010 $a1-107-21852-7 010 $a1-139-06254-9 010 $a1-283-11075-X 010 $a1-139-07462-8 010 $a9786613110756 010 $a0-511-84228-7 010 $a1-139-08142-X 010 $a1-139-07687-6 010 $a1-139-07915-8 010 $a1-139-06883-0 035 $a(CKB)2670000000083721 035 $a(EBL)691800 035 $a(OCoLC)735593519 035 $a(SSID)ssj0000523401 035 $a(PQKBManifestationID)11332667 035 $a(PQKBTitleCode)TC0000523401 035 $a(PQKBWorkID)10542893 035 $a(PQKB)11497232 035 $a(UkCbUP)CR9780511842283 035 $a(Au-PeEL)EBL691800 035 $a(CaPaEBR)ebr10470715 035 $a(CaONFJC)MIL311075 035 $a(MiAaPQ)EBC691800 035 $a(EXLCZ)992670000000083721 100 $a20141103d2011|||| uy| 0 101 0 $aeng 135 $aur||||||||||| 181 $ctxt$2rdacontent 182 $cc$2rdamedia 183 $acr$2rdacarrier 200 10$aIndia since 1980 /$fSumit Ganguly, Rahul Mukherji$b[electronic resource] 210 1$aCambridge :$cCambridge University Press,$d2011. 215 $a1 online resource (xii, 201 pages) $cdigital, PDF file(s) 225 1 $aThe World since 1980 300 $aTitle from publisher's bibliographic system (viewed on 05 Oct 2015). 311 $a0-521-67804-8 311 $a0-521-86093-8 320 $aIncludes bibliographical references and index. 327 $aFour revolutions and India's future -- The transformation of India's foreign policy -- India's economic transformation -- Political mobilization in India -- Indian secularism since 1980 -- India's trajectory: promises and challenges. 330 $aThis book considers the remarkable transformations that have taken place in India since 1980, a period that began with the assassination of the formidable Prime Minister Indira Gandhi. Her death, and that of her son Rajiv seven years later, marked the end of the Nehru-Gandhi era. Although the country remains one of the few democracies in the developing world, many of the policies instigated by these earlier regimes have been swept away to make room for dramatic alterations in the political, economic and social landscape. Sumit Ganguly and Rahul Mukherji, two leading political scientists of South Asia, chart these developments with particular reference to social and political mobilization, the rise of the BJP and its challenge to Nehruvian secularism and the changes to foreign policy that, in combination with its meteoric economic development, have ensured India a significant place on the world stage. 410 0$aWorld since 1980. 607 $aIndia$xHistory$y1947- 607 $aIndia$xSocial conditions$y1947- 607 $aIndia$xEconomic conditions$y1947- 607 $aIndia$xPolitics and government$y1977- 676 $a954.05 686 $aHIS037070$2bisacsh 700 $aGanguly$b Sumit$0598193 702 $aMukherji$b Rahul$f1967- 801 0$bUkCbUP 801 1$bUkCbUP 906 $aBOOK 912 $a9910816293903321 996 $aIndia since 1980$94060405 997 $aUNINA